Service entscheidet Im Wettbewerb um den Kunden
Uložené v:
| Hlavný autor: | |
|---|---|
| Ďalší autori: | |
| Médium: | Kniha |
| Jazyk: | German |
| Vydavateľské údaje: |
Frankfurt/Main
Campus
1992
|
| Vydanie: | 4. Aufl. |
| Predmet: | |
| Tagy: |
Žiadne tagy, Buďte prvý, kto otaguje tento záznam!
|
MARC
| LEADER | 00000nam a2200000 4500 | ||
|---|---|---|---|
| 001 | c010409 | ||
| 005 | 20221214090543.4 | ||
| 020 | |a 3-593-34011-9 | ||
| 041 | 0 | |a ger | |
| 044 | |a DE | ||
| 245 | 1 | 0 | |a Service entscheidet |b Im Wettbewerb um den Kunden |c Jacques Horovitz ; [Z franc. prel.] Gerti von Rabenau |
| 250 | |a 4. Aufl. | ||
| 264 | 1 | |a Frankfurt/Main |b Campus |c 1992 | |
| 300 | |a 168 s. | ||
| 610 | 2 | 0 | |a servis |
| 610 | 2 | 0 | |a služby |
| 610 | 2 | 0 | |a konkurencia |
| 610 | 2 | 0 | |a zákazníci |
| 610 | 2 | 0 | |a kvalita |
| 610 | 2 | 0 | |a komunikácia |
| 610 | 2 | 0 | |a podnik |
| 610 | 2 | 0 | |a stratégia podniková |
| 100 | 1 | |a Horovitz, Jacques | |
| 700 | 1 | |a Rabenau, Gerti von | |